Text book of footwear manufacture (Record no. 22550)

MARC details
000 -LEADER
fixed length control field 00358nam a2200145Ia 4500
082 ## - DEWEY DECIMAL CLASSIFICATION NUMBER
Classification number 678.06:685.3
Item number THOL;1
245 #0 - TITLE STATEMENT
Title Text book of footwear manufacture
250 ## - EDITION STATEMENT
Edition statement Ed.3
260 ## - PUBLICATION, DISTRIBUTION, ETC. (IMPRINT)
Place of publication London
Name of publisher Heywood
Year of publication 1970
650 ## - SUBJECT ADDED ENTRY--TOPICAL TERM
Topical Term Footwear manufacture
650 ## - SUBJECT ADDED ENTRY--TOPICAL TERM
Topical Term Shoe design
700 ## - ADDED ENTRY--PERSONAL NAME
Personal name J H
942 ## - ADDED ENTRY ELEMENTS (KOHA)
Koha item type Books
Holdings
Withdrawn status Lost status Damaged status Not for loan Home library Current library Date acquired Cost, normal purchase price Full call number Accession Number Koha item type
        RRII Library RRII Library 16/12/2021 80.00 678.06:685.3 THOL;1 03270 Books